Účtovníctvo vo svetle nadnárodnej harmonizácie

Vývoj svetovej ekonomiky, informačných technológií a globalizácia priniesli so sebou nové úlohy účtovníctva a potrebu jeho nadnárodnej harmonizácie. Príčiny vzniku rozdielov účtovných systémov jednotlivých krajín. Nadnárodná harmonizácia účtovníctva. Postup a úlohy harmonizácie účtovníctva v Slovens...

Descripción completa

Guardado en:
Detalles Bibliográficos
Autor principal: Soukupová, Božena
Formato: Capítulo de libro
Lenguaje:eslovaco
Materias:
Etiquetas: Agregar Etiqueta
Sin Etiquetas, Sea el primero en etiquetar este registro!

MARC

LEADER 00000naa a2200000 4500
001 r041791
005 20231002073606.9
041 0 |a slo 
044 |a SK 
245 1 0 |a Účtovníctvo vo svetle nadnárodnej harmonizácie  |c Božena Soukupová 
520 |a Vývoj svetovej ekonomiky, informačných technológií a globalizácia priniesli so sebou nové úlohy účtovníctva a potrebu jeho nadnárodnej harmonizácie. Príčiny vzniku rozdielov účtovných systémov jednotlivých krajín. Nadnárodná harmonizácia účtovníctva. Postup a úlohy harmonizácie účtovníctva v Slovenskej republike. 
610 2 0 |a účtovníctvo 
610 2 0 |a harmonizácia 
610 2 0 |a systémy účtovné 
610 2 0 |a štandardy 
610 2 0 |a normy právne 
610 2 0 |a Európska únia 
610 2 0 |a svet 
610 2 0 |a IAS 
610 2 0 |a US GAAP 
100 1 |a Soukupová, Božena